000 00578nam a2200193Ia 4500
005 20250508164836.0
008 008 250505s9999 xx 000 0 eng d
037 _aDissertations
040 _aFEDL
_beng
_cFEDL
041 _aeng
_2eng
084 _a121, BHA/DI
_qFEDL
100 _aBhagat Namita
_9779276
245 0 _aLong essay on Freirean epistemology with special reference to Marxist epistemology
260 _c2009
300 _a101p.
546 _aM.Ed. Dissertation, (Delhi University)
942 _cDIS
_h121, BHA/DI
999 _c1391529
_d1391529